[Event "Barcelona Sant Marti op-B 21st"]
[Site "Barcelona"]
[Date "2019.07.17"]
[Round "5"]
[White "Minko, Uliana"]
[Black "Garcia Miralles, Eduard"]
[Result "1/2-1/2"]
[WhiteElo "1291"]
[BlackElo "1543"]
[PlyCount "126"]
[EventDate "2019.07.13"]
[EventType "swiss"]
[EventRounds "9"]
[EventCountry "ESP"]
[SourceTitle "EXT 2020"]
[Source "ChessBase"]
[SourceDate "2019.10.17"]
[SourceVersion "1"]
[SourceVersionDate "2019.10.17"]
[SourceQuality "1"]

1. c4 Nf6 2. g3 e5 3. Bg2 c6 4. d3 Bc5 5. e3 d6 6. a3 a5 7. Ne2 0-0 8. d4 Ba7 9. b4 Bg4 10. Bb2 Bxe2 11. Qxe2 exd4 12. 0-0 Re8 13. Re1 dxe3 14. f4 d5 15. c5 d4 16. Rd1 b6 17. Bxd4 axb4 18. Be5 Qe7 19. Bd6 Qe6 20. axb4 bxc5 21. b5 Qb3 22. bxc6 Qxd1+ 23. Qxd1 Nxc6 24. Bxc6 e2 25. Qe1 c4+ 26. Kg2 Ng4 27. Bxe8 Ne3+ 28. Kf3 Nc2 29. Bc6 Nxe1+ 30. Kxe2 Nc2 31. Bxa8 Nxa1 32. Bd5 Nb3 33. Bxc4 Nd4+ 34. Kf1 Nf5 35. Bxf7+ Kxf7 36. Be5 Ne3+ 37. Ke2 Nc4 38. Ba1 g6 39. Bc3 Ke6 40. h3 h5 41. Kf3 Bc5 42. Bg7 Bb4 43. Nc3 Nd2+ 44. Kg2 Bxc3 45. Bxc3 Nc4 46. Bd4 Kf5 47. Bc5 Nd2 48. Be7 Ne4 49. Kf3 Nd2+ 50. Kg2 Ne4 51. Bd8 Nd2 52. Bc7 Ne4 53. Ba5 Nf6 54. Kf3 Nd5 55. g4+ hxg4+ 56. hxg4+ Ke6 57. Bd2 Nf6 58. Bc3 Kf7 59. g5 Nd5 60. Be5 Ke6 61. Ke4 Ne7 62. Bf6 Nd5 63. Be5 Ne7 1/2-1/2

[Event "Barcelona Sant Marti op-B 21st"]
[Site "Barcelona"]
[Date "2019.07.14"]
[Round "2"]
[White "Minko, Olga"]
[Black "Minko, Uliana"]
[Result "1-0"]
[WhiteElo "1603"]
[BlackElo "1291"]
[PlyCount "81"]
[EventDate "2019.07.13"]
[EventType "swiss"]
[EventRounds "9"]
[EventCountry "ESP"]
[SourceTitle "EXT 2020"]
[Source "ChessBase"]
[SourceDate "2019.10.17"]
[SourceVersion "1"]
[SourceVersionDate "2019.10.17"]
[SourceQuality "1"]

1. e4 e6 2. d4 d5 3. Nc3 dxe4 4. Nxe4 Nd7 5. Nf3 Ngf6 6. Nxf6+ Nxf6 7. Ne5 c5 8. Bb5+ Nd7 9. Bxd7+ Bxd7 10. Qf3 f6 11. Qh5+ g6 12. Nxg6 Bb5 13. Nxh8+ Kd7 14. Be3 Qa5+ 15. Bd2 Qa6 16. Qf7+ Be7 17. Qxh7 cxd4 18. Ng6 Qd6 19. Nxe7 Qxe7 20. Qxe7+ Kxe7 21. Bb4+ Kf7 22. 0-0-0 e5 23. h4 Rc8 24. Kb1 Bc6 25. Rh2 Rg8 26. h5 Be4 27. g3 Rc8 28. Rd2 Bh7 29. Rh4 b6 30. h6 a5 31. Ba3 f5 32. Rh5 Re8 33. Rg5 Bg6 34. Rd1 Kf6 35. f4 Rh8 36. Bd6 Rxh6 37. Bxe5+ Kf7 38. Bxd4 b5 39. Bc5 Kg8 40. g4 fxg4 41. f5 1-0

[Event "Barcelona Sant Marti op-B 20th"]
[Site "Barcelona"]
[Date "2018.07.14"]
[Round "2"]
[White "Minko, Uliana"]
[Black "Torres Ribe, Ricard"]
[Result "0-1"]
[WhiteElo "1284"]
[BlackElo "1593"]
[PlyCount "66"]
[EventDate "2018.07.13"]
[EventType "swiss"]
[EventRounds "9"]
[EventCountry "ESP"]
[SourceTitle "EXT 2019"]
[Source "ChessBase"]
[SourceDate "2018.10.10"]
[SourceVersion "1"]
[SourceVersionDate "2018.10.10"]
[SourceQuality "1"]

1. c4 c5 2. g3 Nf6 3. d3 g6 4. Bg2 Bg7 5. Nf3 0-0 6. 0-0 d5 7. Qc2 Nc6 8. Nc3 d4 9. Na4 b6 10. a3 a5 11. Rb1 Rb8 12. e3 e5 13. exd4 Nxd4 14. Nxd4 Qxd4 15. Be3 Qd6 16. h3 Bf5 17. Rfd1 Rbd8 18. Be4 Bxh3 19. Bg5 h6 20. Bxf6 Bxf6 21. Nc3 Bg7 22. Nd5 f5 23. Bh1 f4 24. b4 fxg3 25. fxg3 e4 26. bxa5 Qxg3+ 27. Bg2 Bd4+ 28. Kh1 Rf2 29. Qxf2 Bxf2 30. Bxe4 Bg4 31. Nf6+ Kg7 32. Nxg4 Qxg4 33. Bg2 Qh4+ 0-1

[Event "Barcelona Sant Marti op-B 18th"]
[Site "Barcelona"]
[Date "2016.07.19"]
[Round "7.64"]
[White "Minko, Uliana"]
[Black "Febrero Perez, Lluis"]
[Result "0-1"]
[WhiteElo "1251"]
[BlackElo "1642"]
[PlyCount "50"]
[EventDate "2016.07.13"]
[EventType "swiss"]
[EventRounds "9"]
[EventCountry "ESP"]
[SourceTitle "EXT 2024"]
[Source "ChessBase"]
[SourceDate "2023.10.10"]
[SourceVersion "1"]
[SourceVersionDate "2023.10.10"]
[SourceQuality "1"]

1. c4 c5 2. Nc3 Nc6 3. g3 Nf6 4. Bg2 e6 5. d3 d5 6. cxd5 exd5 7. Nf3 d4 8. Nb5 a6 9. Na3 Be6 10. Nc2 Qc7 11. 0-0 Bd6 12. Bd2 0-0 13. a3 Bb3 14. Qe1 Bxc2 15. b4 cxb4 16. axb4 Rfe8 17. Ra2 Bxd3 18. Qc1 Bb5 19. Re1 Rxe2 20. Rd1 Qb6 21. Bf1 d3 22. Bxe2 dxe2 23. Re1 Ng4 24. Be3 Nxe3 25. fxe3 Nxb4 0-1

[Event "Barcelona Sant Marti op-B 18th"]
[Site "Barcelona"]
[Date "2016.07.16"]
[Round "4.61"]
[White "Gomez Parla, Josep"]
[Black "Minko, Uliana"]
[Result "1-0"]
[WhiteElo "1876"]
[BlackElo "1251"]
[PlyCount "63"]
[EventDate "2016.07.13"]
[EventType "swiss"]
[EventRounds "9"]
[EventCountry "ESP"]
[SourceTitle "EXT 2024"]
[Source "ChessBase"]
[SourceDate "2023.10.10"]
[SourceVersion "1"]
[SourceVersionDate "2023.10.10"]
[SourceQuality "1"]

1. e4 e6 2. d4 d5 3. Nc3 dxe4 4. Nxe4 Bd7 5. Nf3 Bc6 6. Bd3 Nd7 7. 0-0 Ngf6 8. Bg5 Be7 9. Nxf6+ Bxf6 10. Be3 0-0 11. c4 a6 12. a4 a5 13. Nd2 b6 14. Ne4 Bb7 15. Qc2 Bxe4 16. Bxe4 Rb8 17. Bxh7+ Kh8 18. Be4 Re8 19. Qe2 g6 20. f4 Kg7 21. Rf3 Rh8 22. Rg3 Kf8 23. Rd1 Ke7 24. d5 Rh4 25. dxe6 fxe6 26. Bc6 Qh8 27. Rxd7+ Kf8 28. h3 Rd8 29. Qd3 Rxd7 30. Qxd7 Rh7 31. Qe8+ Kg7 32. Rxg6# 1-0

[Event "Barcelona Sant Marti op-B 18th"]
[Site "Barcelona"]
[Date "2016.07.14"]
[Round "2.58"]
[White "Pascual Gonzalez, Novelles David"]
[Black "Minko, Uliana"]
[Result "1-0"]
[WhiteElo "1650"]
[BlackElo "1251"]
[PlyCount "119"]
[EventDate "2016.07.13"]
[EventType "swiss"]
[EventRounds "9"]
[EventCountry "ESP"]
[SourceTitle "EXT 2024"]
[Source "ChessBase"]
[SourceDate "2023.10.10"]
[SourceVersion "1"]
[SourceVersionDate "2023.10.10"]
[SourceQuality "1"]

1. e4 e6 2. Nf3 d5 3. exd5 exd5 4. d4 Bd7 5. Nc3 Bc6 6. Bd3 Nd7 7. 0-0 Be7 8. Re1 Ngf6 9. Bg5 0-0 10. Ne5 Ne4 11. Bxe7 Qxe7 12. Nxd7 Qxd7 13. Nxe4 dxe4 14. Bxe4 Rfe8 15. Qd3 Bxe4 16. Rxe4 a6 17. Rae1 c6 18. c3 b5 19. Qe3 Re6 20. Rxe6 fxe6 21. Qxe6+ Qf7 22. Qxc6 Qf8 23. Qe6+ Kh8 24. g3 h6 25. Qe7 Qg8 26. b3 Kh7 27. d5 Qxd5 28. Qe4+ Qxe4 29. Rxe4 Kg6 30. c4 Kf5 31. Rd4 Ke5 32. Rd5+ Ke6 33. f4 g6 34. Kf2 Rf8 35. Re5+ Kd6 36. cxb5 axb5 37. Rxb5 Kc6 38. a4 Rd8 39. Ke3 Re8+ 40. Re5 Rg8 41. b4 Kd6 42. Kd4 Rc8 43. Rc5 Re8 44. b5 Re2 45. Rc6+ Kd7 46. h4 Ra2 47. Rc4 Rg2 48. b6 Rb2 49. a5 Rb5 50. Rc5 Rb4+ 51. Kd5 Rb3 52. Rc7+ Kd8 53. Kc6 Rc3+ 54. Kb7 Ra3 55. a6 Rxg3 56. a7 Ra3 57. a8Q+ Rxa8 58. Kxa8 g5 59. Rh7 gxf4 60. b7 1-0

[Event "Barcelona Sant Marti op-B 17th"]
[Site "Barcelona"]
[Date "2015.07.21"]
[Round "9"]
[White "Cassi Gimeno, Jordi"]
[Black "Minko, Uliana"]
[Result "1-0"]
[WhiteElo "1747"]
[BlackElo "1270"]
[PlyCount "102"]
[EventDate "2015.07.13"]
[EventType "swiss"]
[EventRounds "9"]
[EventCountry "ESP"]
[SourceTitle "EXT 2016"]
[Source "ChessBase"]
[SourceDate "2015.10.08"]
[SourceVersion "1"]
[SourceVersionDate "2015.10.08"]
[SourceQuality "1"]

1. e4 e6 2. d4 d5 3. Nd2 c5 4. Ngf3 a6 5. a3 Qb6 6. c3 Bd7 7. Bd3 Nc6 8. 0-0 Na5 9. Re1 Bb5 10. Bxb5+ Qxb5 11. exd5 cxd4 12. dxe6 f6 13. Nxd4 Qd5 14. N2f3 0-0-0 15. Bd2 Nc4 16. b3 Nxd2 17. Nxd2 g5 18. Qg4 Kb8 19. Nc4 h5 20. Qg3+ Ka7 21. Qc7 Bc5 22. b4 Bxd4 23. cxd4 Re8 24. Qb6+ Kb8 25. Qd6+ Qxd6 26. Nxd6 Re7 27. Rac1 Nh6 28. h3 h4 29. d5 f5 30. Rc3 g4 31. Rec1 Rhh7 32. Rc8+ Ka7 33. b5 gxh3 34. gxh3 Rhg7+ 35. Kf1 axb5 36. Nxb5+ Ka6 37. Nd6 f4 38. Rb1 b6 39. Ra8+ Ra7 40. Rxa7+ Kxa7 41. f3 Ng8 42. Nf5 Rh7 43. d6 Rh5 44. e7 Nf6 45. Rb5 Rh8 46. Re5 Kb7 47. Ng7 Kc8 48. e8Q+ Nxe8 49. Nxe8 Kd7 50. Re7+ Kd8 51. Nf6 b5 1-0

[Event "Barcelona Sant Marti op-B 17th"]
[Site "Barcelona"]
[Date "2015.07.17"]
[Round "5"]
[White "Minko, Uliana"]
[Black "Porta Chicote, David"]
[Result "1-0"]
[WhiteElo "1270"]
[BlackElo "1753"]
[PlyCount "133"]
[EventDate "2015.07.13"]
[EventType "swiss"]
[EventRounds "9"]
[EventCountry "ESP"]
[SourceTitle "EXT 2016"]
[Source "ChessBase"]
[SourceDate "2015.10.08"]
[SourceVersion "1"]
[SourceVersionDate "2015.10.08"]
[SourceQuality "1"]

1. c4 e5 2. Nc3 Nf6 3. g3 Bc5 4. Bg2 0-0 5. e3 Re8 6. Nge2 d6 7. d4 Bb6 8. a3 c6 9. b4 Bg4 10. 0-0 exd4 11. exd4 Bxe2 12. Nxe2 a5 13. Be3 axb4 14. axb4 Nbd7 15. Ra4 Qc7 16. c5 dxc5 17. dxc5 Ba7 18. Qa1 b6 19. Qa2 bxc5 20. Ra1 h6 21. Rxa7 Rxa7 22. Qxa7 Qxa7 23. Rxa7 cxb4 24. Bxc6 Rd8 25. Nc1 Nb8 26. Bf3 Nbd7 27. Bf4 Nc5 28. Ra1 Nd3 29. Nxd3 Rxd3 30. Bd1 Rd8 31. Rb1 Nd5 32. Be5 Rc8 33. Bf3 Rd8 34. Rb3 Re8 35. Bd6 Rd8 36. Bc5 Rc8 37. Bxb4 Nxb4 38. Rxb4 Rc1+ 39. Kg2 g6 40. Rb7 Rc5 41. Bd1 Kg7 42. Bb3 Rf5 43. g4 Rf4 44. h3 h5 45. Bd1 hxg4 46. hxg4 g5 47. f3 Rf6 48. Rb5 Kg6 49. Bc2+ Kh6 50. Rf5 Rxf5 51. Bxf5 f6 52. Kf2 Kg7 53. Ke3 Kf7 54. Ke4 Ke7 55. Kd5 Kf7 56. Kd6 Kg7 57. Ke6 Kh6 58. Be4 Kg7 59. Bd5 Kg6 60. Ke7 Kg7 61. Bf7 Kh7 62. Kxf6 Kh6 63. Kf5 Kg7 64. Bh5 Kh6 65. Kf6 Kh7 66. Kxg5 Kg7 67. f4 1-0

[Event "Barcelona Sant Marti op-B 17th"]
[Site "Barcelona"]
[Date "2015.07.14"]
[Round "2"]
[White "Cervera Lopez, Miguel"]
[Black "Minko, Uliana"]
[Result "1-0"]
[WhiteElo "1831"]
[BlackElo "1270"]
[PlyCount "63"]
[EventDate "2015.07.13"]
[EventType "swiss"]
[EventRounds "9"]
[EventCountry "ESP"]
[SourceTitle "EXT 2016"]
[Source "ChessBase"]
[SourceDate "2015.10.08"]
[SourceVersion "1"]
[SourceVersionDate "2015.10.08"]
[SourceQuality "1"]

1. e4 e6 2. d4 d5 3. e5 c5 4. Nf3 Bd7 5. Nc3 a6 6. a4 Nc6 7. Be3 b6 8. dxc5 bxc5 9. Bf4 Qa5 10. Bd2 Qc7 11. Qe2 Nd4 12. Qd3 Nh6 13. Ne2 Nhf5 14. Nfxd4 Nxd4 15. Nxd4 cxd4 16. Qxd4 Qxc2 17. Bd3 Qb3 18. 0-0 Be7 19. Rfc1 0-0 20. Rc7 Rfd8 21. Ba5 Qb8 22. Rac1 Bg5 23. f4 Bh6 24. g4 g5 25. f5 Be8 26. fxe6 fxe6 27. Bxh7+ Kh8 28. Bb1 Rd7 29. Qd3 Ra7 30. Rc8 Qxe5 31. Rxe8+ Kg7 32. Qg6# 1-0

[Event "Skopje Karposh op"]
[Site "Skopje"]
[Date "2015.03.28"]
[Round "3"]
[White "Aydincelebi, Kagan"]
[Black "Minko, Uliana"]
[Result "1-0"]
[WhiteElo "1832"]
[BlackElo "1186"]
[PlyCount "49"]
[EventDate "2015.03.27"]
[EventType "swiss"]
[EventRounds "9"]
[EventCountry "MKD"]
[SourceTitle "CBM 165 Extra"]
[Source "ChessBase"]
[SourceDate "2015.04.21"]
[SourceVersion "1"]
[SourceVersionDate "2015.04.21"]
[SourceQuality "1"]

1. Nf3 e6 2. g3 d5 3. Bg2 Nf6 4. c4 Nfd7 5. 0-0 c5 6. cxd5 exd5 7. d4 Nc6 8. Nc3 a6 9. Nxd5 b5 10. Bf4 Ra7 11. Rc1 c4 12. b3 Nb6 13. Nxb6 Qxb6 14. bxc4 bxc4 15. Rxc4 Be6 16. d5 Rd7 17. Rxc6 Qxc6 18. dxc6 Rxd1 19. Rxd1 Be7 20. Nd4 Bc8 21. c7 0-0 22. Nc6 Bf6 23. Be5 Kh8 24. Bxf6 gxf6 25. Rd8 1-0

[Event "Skopje Karposh op"]
[Site "Skopje"]
[Date "2015.03.27"]
[Round "1"]
[White "Hristodorescu, Daniel"]
[Black "Minko, Uliana"]
[Result "1-0"]
[WhiteElo "2194"]
[BlackElo "1186"]
[PlyCount "61"]
[EventDate "2015.03.27"]
[EventType "swiss"]
[EventRounds "9"]
[EventCountry "MKD"]
[SourceTitle "CBM 165 Extra"]
[Source "ChessBase"]
[SourceDate "2015.04.21"]
[SourceVersion "1"]
[SourceVersionDate "2015.04.21"]
[SourceQuality "1"]

1. e4 e6 2. d4 d5 3. Nc3 c5 4. exd5 exd5 5. Bb5+ Nc6 6. Nf3 a6 7. Bxc6+ bxc6 8. 0-0 Nf6 9. Re1+ Be6 10. Ng5 Qd7 11. Na4 Be7 12. Nb6 Qa7 13. Nxa8 Qxa8 14. Nxe6 fxe6 15. Rxe6 Kf7 16. Qe2 Re8 17. Bg5 Qc8 18. Re1 Ne4 19. Rxe7+ Rxe7 20. Bxe7 Kxe7 21. f3 cxd4 22. fxe4 Kd6 23. exd5 cxd5 24. Qe7+ Kc6 25. a3 Kb6 26. b4 Qxc2 27. Re6+ Qc6 28. Qc5+ Kb7 29. Qxc6+ Kb8 30. Re8+ Ka7 31. Ra8# 1-0